000 00494nam a22001817a 4500
003 OSt
005 20140310182206.0
008 130904t xxu||||| |||| 00| 0 eng d
050 _aTK 6710
_b.W768 1992
082 _aHS 621.382
_bW72 1992
245 _aWin Fax PRO :
_bUsers guide /
260 _aCanada :
_bDelrina Technomogy,
_cc1992.
300 _bill. ;
_c23 cm.
500 _aIncludes index.
650 _aWinFax Pro (Computer file )
_916513
942 _2lcc
_cHS
999 _c10346
_d10346